000 00502nam a2200181 4500
001 131774
003 ES-MaACL
005 20231207063027.0
007 t|
008 070214s1973 sp r ||||1| spa d
100 1 _aRof Carballo, Juan,
_d1905-1994
_998915
245 1 3 _aEl hombre como encuentro /
_cJuan Rof Carballo.
250 _a1ยช. ed.
260 _aMadrid :
_bAlfaguara,
_c1973.
300 _a536 p. ;
_c21 cm.
852 _aES-MaACL
_jC-55233
_bR.87838
999 _c131774
_d131774